Bhavarthprakasha/ (Record no. 146145)

000 -LEADER
fixed length control field 00401nam a22001577a 4500
020 ## - INTERNATIONAL STANDARD BOOK NUMBER
ISBN 97881902611250
082 ## - DEWEY DECIMAL CLASSIFICATION NUMBER
Classification number 294.592 1
Item number SAT/B
245 ## - TITLE STATEMENT
Title Bhavarthprakasha/
Statement of responsibility, etc by Satyanandavedavageesh (tr.)
260 ## - PUBLICATION, DISTRIBUTION, ETC. (IMPRINT)
Place of publication Delhi:
Name of publisher Satyam Books,
Year of publication 2006.
300 ## - PHYSICAL DESCRIPTION
Number of Pages 1072p.
650 ## - SUBJECT ADDED ENTRY--TOPICAL TERM
Topical Term Vedic Literature
650 ## - SUBJECT ADDED ENTRY--TOPICAL TERM
Topical Term Hinduism
650 ## - SUBJECT ADDED ENTRY--TOPICAL TERM
Topical Term Religion
700 ## - ADDED ENTRY--PERSONAL NAME
Personal name Satyanandavedavageesh (tr.)
942 ## - ADDED ENTRY ELEMENTS (KOHA)
Koha item type Book
Holdings
Withdrawn status Lost status Damaged status Not for loan Permanent Location Current Location Shelving location Date acquired Cost, normal purchase price Full call number Accession Number Price effective from Koha item type
        Sree Sankaracharya University of Sanskrit Sree Sankaracharya University of Sanskrit Stacks 05.03.2021 650.00 294.592 1 SAT/B 059454 05.03.2021 Book